[Event "Popayan Yeika op 1st"]
[Site "Popayan"]
[Date "2024.10.13"]
[Round "5"]
[White "Martinez, Luis Carlos"]
[Black "Torres, Richard"]
[Result "0-1"]
[WhiteElo "1706"]
[BlackElo "1967"]
[PlyCount "54"]
[EventDate "2024.10.11"]
[EventType "swiss"]
[EventRounds "7"]
[EventCountry "COL"]
[SourceTitle "CB43_2024"]
[Source "Chessbase"]
[SourceDate "2024.10.23"]
[SourceVersion "1"]
[SourceVersionDate "2024.10.23"]
[SourceQuality "1"]

1. d4 c5 2. d5 Nf6 3. c4 b5 4. b3 bxc4 5. bxc4 g6 6. Qc2 Bg7 7. Bb2 0-0 8. Nd2 Na6 9. a3 Rb8 10. Rb1 Qa5 11. Ngf3 d6 12. e4 Nxe4 13. Bxg7 Rxb1+ 14. Qxb1 Nxd2 15. Nxd2 Kxg7 16. Qb2+ Kg8 17. Bd3 Bd7 18. Ke2 Rb8 19. Qa1 e6 20. dxe6 Re8 21. Rb1 Rxe6+ 22. Kd1 Ba4+ 23. Bc2 Bxc2+ 24. Kxc2 Re2 25. Rd1 Rxf2 26. Kc1 Nb4 27. Ne4 Qa4 0-1

[Event "Popayan Yeika op 1st"]
[Site "Popayan"]
[Date "2024.10.12"]
[Round "3"]
[White "Martinez, Luis Carlos"]
[Black "Bolanos Valencia, David Alejandro"]
[Result "1-0"]
[WhiteElo "1706"]
[BlackElo "1513"]
[PlyCount "35"]
[EventDate "2024.10.11"]
[EventType "swiss"]
[EventRounds "7"]
[EventCountry "COL"]
[SourceTitle "CB43_2024"]
[Source "Chessbase"]
[SourceDate "2024.10.23"]
[SourceVersion "1"]
[SourceVersionDate "2024.10.23"]
[SourceQuality "1"]

1. d4 d5 2. c4 Nf6 3. Nc3 Bf5 4. Nf3 e6 5. Qb3 c5 6. Qxb7 Nbd7 7. cxd5 cxd4 8. Nxd4 Nc5 9. Qc6+ Ncd7 10. dxe6 fxe6 11. Nxe6 Bxe6 12. Qxe6+ Qe7 13. Qc6 Rd8 14. Bg5 Qd6 15. Qxd6 Bxd6 16. e3 0-0 17. Bc4+ Kh8 18. Rd1 1-0